Border Chain - Sudden Death #2 - Statistics

General Stats
  • This quiz has been taken 69 times
    54 since last reset
  • The average score is 6 of 11
Answers on the Grid
Answers color-coded by a green-red scale on the quiz's grid according to % correct below.
South Africa
Mozambique
Namibia
Lesotho
Angola
Tanzania
Uganda
South Sudan
Equatorial Guinea
Nigeria
Eswatini
Sudan
Republic of the Congo
Morocco
Cameroon
Egypt
Senegal
Iraq
Syria
Israel
Libya
Turkey
Oman
Afghanistan
 
Answer Stats
Answer % Correct
South Africa
97%
Mozambique
56%
Tanzania
53%
Uganda
50%
Egypt
47%
South Sudan
47%
Sudan
47%
Turkey
47%
Iraq
44%
Israel
44%
Syria
44%
No matching quizzes found
Score Distribution
Percent of People with Each Score
Percentile by Number Answered
Your Score History
You have not taken this quiz since the last reset